Estatísticas para Os 15 principais países com mortes por Covid19 - 16 maio 2021

Clique aqui para jogar o quiz

Estatísticas Gerais

  • Esse quiz foi jogado 9 vezes
  • A pontuação média é 16 de 24

Estatísticas das Respostas

país% Correto
Brasil
100%
Estados Unidos
100%
Itália
100%
México
100%
Rússia
100%
Argentina
86%
Espanha
86%
Índia
86%
Colômbia
71%
França
71%
Reino Unido
71%
Alemanha
57%
Bélgica
57%
Bósnia e Herzegovina
57%
Croácia
57%
Hungria
57%
Irão
57%
Peru
57%
Polônia
57%
Chéquia
43%
Eslováquia
43%
Eslovénia
43%
Macedónia do Norte
29%
Bulgária
14%

Distribuição das Pontuações

Percentil de Números Respondidos

Porcentagem de Pessoas com Cada Pontuação

Sua Pontuação Histórica

Você não jogou esse quiz